Parts of Things #3 - Statistics

General Stats
  • This quiz has been taken 586 times
  • The average score is 8 of 20
Answer Stats
Parts Answer % Correct
tongue, sole, laces Shoe
97%
mouse, monitor, processor computer
92%
Eyes, nose, Mouth Face
89%
Spider-man, Hulk, Thor Marvel
71%
Peel, Seed, Pulp Orange
71%
Ink, paper, Binding Book
70%
Ferrule, Eraser, Graphite Pencil
55%
Players, Coach, Goals Team
49%
Executive, Legislative, Judicial Government
41%
rising action, climax, resolution Plot
30%
Intake, Block, Manifold Engine
28%
wires, load, power source Circuit
24%
Temperature, Weight, Blood Pressure Vitals
22%
Water, Cells, electricity Body
19%
clothing, shoes, accessories Wardrobe
18%
Hand, Circle, numbers Clock
16%
center, gaurd, tackle Offensive line
11%
question, follow-up question, comedic reply Knock Knock Joke
8%
Square, triangle, circle, X PS4 controller
1%
Rock, Paper, Scissors Roshambo Rules
1%
No matching quizzes found
Score Distribution
Percent of People with Each Score
Percentile by Number Answered
Your Score History
You have not taken this quiz